[Event "OP-2021-0-05226"]
[Site "LSS email"]
[Date "2021.12.11"]
[Round "?"]
[White "Heiser, Jerome"]
[Black "Rojas, Fernando"]
[Result "1-0"]
[WhiteElo "548"]
[BlackElo "1273"]
[PlyCount "37"]
[EventDate "2021.12.07"]
[EventType "tourn (corr)"]
[EventRounds "4"]
[EventCountry "GER"]
[SourceTitle "Corr 2024"]
[Source "ChessBase"]
[SourceDate "2023.10.19"]
[SourceVersion "1"]
[SourceVersionDate "2023.10.19"]
[SourceQuality "1"]

1. e4 e5 2. Nf3 Nc6 3. Bc4 Nf6 4. Nc3 Bc5 5. 0-0 d6 6. d3 Bg4 7. h3 Bh5 8. Bg5 Nd4 9. Bxf6 Qxf6 10. Nd5 Nxf3+ 11. Kh1 Qd8 12. gxf3 c6 13. Ne3 Qf6 14. Ng4 Qh4 15. Kh2 Bxg4 16. fxg4 0-0 17. a3 Rad8 18. b4 Bd4 19. Rb1 1-0

[Event "RF-2019-0-00468"]
[Site "LSS email"]
[Date "2019.03.15"]
[Round "?"]
[White "Rojas, Fernando"]
[Black "Stadler, Pavel"]
[Result "1/2-1/2"]
[WhiteElo "1233"]
[BlackElo "1204"]
[PlyCount "62"]
[EventDate "2019.02.12"]
[EventType "tourn (corr)"]
[EventRounds "6"]
[EventCountry "GER"]
[SourceTitle "Corr 2022"]
[Source "ChessBase"]
[SourceDate "2021.10.24"]
[SourceVersion "1"]
[SourceVersionDate "2021.10.24"]
[SourceQuality "1"]

1. e4 e5 2. Nf3 Nc6 3. Bb5 a6 4. Ba4 Nf6 5. 0-0 Nxe4 6. d4 b5 7. Bb3 d5 8. Nxe5 Nxe5 9. dxe5 Be6 10. c3 Bc5 11. Nd2 Nxd2 12. Bxd2 0-0 13. Re1 Bb6 14. Bc2 c5 15. Qh5 g6 16. Qh6 f5 17. exf6 Qxf6 18. f3 Rae8 19. Bg5 Qf7 20. a3 Bf5 21. Bxf5 Qxf5 22. Be7 Rf7 23. Bh4 c4+ 24. Bf2 Bxf2+ 25. Kxf2 Rfe7 26. Qd2 Kf7 27. Rxe7+ Rxe7 28. Rd1 Rd7 29. Re1 Re7 30. Rxe7+ Kxe7 31. Qe3+ Qe6 1/2-1/2

[Event "RF-2019-0-00468"]
[Site "LSS email"]
[Date "2019.03.13"]
[Round "?"]
[White "Slavin, Pablo"]
[Black "Rojas, Fernando"]
[Result "0-1"]
[WhiteElo "1178"]
[BlackElo "1233"]
[PlyCount "22"]
[EventDate "2019.02.12"]
[EventType "tourn (corr)"]
[EventRounds "6"]
[EventCountry "GER"]
[SourceTitle "Corr 2022"]
[Source "ChessBase"]
[SourceDate "2021.10.24"]
[SourceVersion "1"]
[SourceVersionDate "2021.10.24"]
[SourceQuality "1"]

1. e4 e5 2. f4 exf4 3. Nf3 g5 4. h4 g4 5. Ne5 Nf6 6. Bc4 d5 7. exd5 Nxd5 8. 0-0 Nc6 9. Nxc6 bxc6 10. Nc3 Nxc3 11. dxc3 Bc5+ 0-1

[Event "RF-2019-0-00462"]
[Site "LSS email"]
[Date "2019.01.29"]
[Round "?"]
[White "Rojas, Fernando"]
[Black "Pech, Matej"]
[Result "0-1"]
[WhiteElo "1200"]
[BlackElo "1555"]
[PlyCount "98"]
[EventDate "2019.01.04"]
[EventType "tourn (corr)"]
[EventRounds "6"]
[EventCountry "GER"]
[SourceTitle "Corr 2022"]
[Source "ChessBase"]
[SourceDate "2021.10.24"]
[SourceVersion "1"]
[SourceVersionDate "2021.10.24"]
[SourceQuality "1"]

1. e4 c5 2. c3 Nf6 3. e5 Nd5 4. d4 cxd4 5. cxd4 d6 6. Nf3 Nc6 7. exd6 Qxd6 8. Nc3 Bg4 9. Be2 e6 10. 0-0 Be7 11. Qb3 0-0 12. Nxd5 exd5 13. Be3 Bd8 14. h3 Bf5 15. Bd3 Na5 16. Qd1 Be4 17. Rc1 Bb6 18. Bxe4 dxe4 19. Ne5 f6 20. Nc4 Nxc4 21. Rxc4 Rad8 22. Qc1 Qd5 23. Rd1 a6 24. a3 h6 25. a4 Ba7 26. b4 Bb8 27. Rc5 Qd6 28. g3 Qd7 29. Qc4+ Kh8 30. Qc2 Qxh3 31. Qxe4 Bxg3 32. Qg2 Qxg2+ 33. Kxg2 Bd6 34. Rc4 Kg8 35. d5 Rc8 36. Rxc8 Rxc8 37. b5 axb5 38. axb5 h5 39. b6 Kf7 40. f4 Kg6 41. Kf3 Kf5 42. Rd4 g5 43. fxg5 fxg5 44. Ke2 h4 45. Rd1 h3 46. Rf1+ Ke4 47. Bxg5 h2 48. Ke1 Rg8 49. Bh4 Rg1 0-1

[Event "RF-2018-0-00445"]
[Site "LSS email"]
[Date "2018.09.01"]
[Round "?"]
[White "Hickl, Norbert"]
[Black "Rojas, Fernando"]
[Result "0-1"]
[WhiteElo "1165"]
[BlackElo "1157"]
[PlyCount "38"]
[EventDate "2018.07.10"]
[EventType "tourn (corr)"]
[EventRounds "6"]
[EventCountry "GER"]
[SourceTitle "Corr 2022"]
[Source "ChessBase"]
[SourceDate "2021.10.24"]
[SourceVersion "1"]
[SourceVersionDate "2021.10.24"]
[SourceQuality "1"]

1. c4 e5 2. g3 d5 3. cxd5 Qxd5 4. Nf3 Nc6 5. Nc3 Qd8 6. Bg2 Nf6 7. 0-0 Be7 8. d3 0-0 9. h3 h6 10. a3 Be6 11. b4 a6 12. Bd2 Qd7 13. Kh2 Rad8 14. b5 axb5 15. Nxb5 Bf5 16. Bc3 e4 17. Nh4 exd3 18. Nxf5 Qxf5 19. Nxc7 Rd7 0-1

[Event "LSS No Engine Cup 181 Preliminary 0"]
[Site "LSS email"]
[Date "2018.08.20"]
[Round "?"]
[White "Rojas, Fernando"]
[Black "Littlewood, Richard"]
[Result "1-0"]
[WhiteElo "1629"]
[BlackElo "1600"]
[PlyCount "131"]
[EventDate "2018.08.21"]
[EventType "tourn (corr)"]
[EventRounds "6"]
[EventCountry "GER"]
[SourceTitle "Corr 2022"]
[Source "ChessBase"]
[SourceDate "2021.10.24"]
[SourceVersion "1"]
[SourceVersionDate "2021.10.24"]
[SourceQuality "1"]

1. e4 c5 2. c3 Nf6 3. e5 Nd5 4. d4 cxd4 5. cxd4 e6 6. Nf3 d6 7. Nc3 Nxc3 8. bxc3 Qc7 9. Bd2 Nd7 10. Bd3 dxe5 11. 0-0 Bd6 12. Re1 exd4 13. cxd4 Nf6 14. Rc1 Qd8 15. Ne5 0-0 16. Re3 g6 17. Rf3 Kg7 18. Bg5 Be7 19. Qd2 Ng8 20. Bxe7 Qxe7 21. Qf4 Nf6 22. Rh3 Ng8 23. Rc3 a6 24. Qg3 Nf6 25. Qg5 Ng8 26. Qxe7 Nxe7 27. Be4 Nd5 28. Rc1 b5 29. Bxd5 exd5 30. Ra3 Be6 31. f3 Rfc8 32. Rxc8 Bxc8 33. Nc6 Be6 34. Ra5 Bc8 35. Nb4 Bb7 36. Kf2 Kf6 37. Nd3 Ke7 38. Nc5 Bc8 39. Ke3 Kd6 40. a4 bxa4 41. Nxa4 Rb8 42. Nc3 Bb7 43. Kd3 Ra8 44. Na4 Bc6 45. Nc3 f5 46. g3 g5 47. h3 h5 48. Kc2 f4 49. gxf4 gxf4 50. h4 Re8 51. Rxa6 Re3 52. Nb5+ Kd7 53. Na7 Bb7 54. Rh6 Rxf3 55. Rxh5 Ke6 56. Rh6+ Kf5 57. Rb6 Ke4 58. Rxb7 Kxd4 59. Nc6+ Kc5 60. Ne5 Rh3 61. Nd3+ Kc6 62. Rh7 f3 63. Kd2 Kd6 64. Nf2 Rh2 65. Ke3 Ke6 66. Kxf3 1-0

[Event "RF-2018-0-00431"]
[Site "LSS email"]
[Date "2018.04.17"]
[Round "?"]
[White "Martin, Hector Eduardo Lope"]
[Black "Rojas, Fernando"]
[Result "0-1"]
[WhiteElo "1206"]
[BlackElo "1099"]
[PlyCount "56"]
[EventDate "2018.03.30"]
[EventType "tourn (corr)"]
[EventRounds "6"]
[EventCountry "GER"]
[SourceTitle "Corr 2022"]
[Source "ChessBase"]
[SourceDate "2021.10.24"]
[SourceVersion "1"]
[SourceVersionDate "2021.10.24"]
[SourceQuality "1"]

1. f4 d5 2. Nf3 Nf6 3. e3 e6 4. Nc3 Be7 5. b3 c5 6. Bb5+ Bd7 7. Bxd7+ Nbxd7 8. 0-0 0-0 9. d4 cxd4 10. exd4 Rc8 11. Qd3 Bb4 12. Ne2 Qc7 13. a3 Bd6 14. Ra2 Ne4 15. Ne5 f6 16. Nxd7 Qxd7 17. c4 b6 18. b4 Rxc4 19. Rc2 Rxc2 20. Qxc2 Rc8 21. Qb3 Qb5 22. Qb2 Qa4 23. Qa1 Bxb4 24. Bb2 Ba5 25. Rc1 Rxc1+ 26. Qxc1 Bd2 27. Qc8+ Kf7 28. Qc7+ Kg6 0-1

[Event "RF-2018-0-00431"]
[Site "LSS email"]
[Date "2018.04.17"]
[Round "?"]
[White "Rojas, Fernando"]
[Black "Pliska, Miroslav"]
[Result "0-1"]
[WhiteElo "1099"]
[BlackElo "1208"]
[PlyCount "76"]
[EventDate "2018.03.30"]
[EventType "tourn (corr)"]
[EventRounds "6"]
[EventCountry "GER"]
[SourceTitle "Corr 2022"]
[Source "ChessBase"]
[SourceDate "2021.10.24"]
[SourceVersion "1"]
[SourceVersionDate "2021.10.24"]
[SourceQuality "1"]

1. e4 Nf6 2. e5 Nd5 3. d4 d6 4. c4 Nb6 5. f4 Bf5 6. Nc3 e6 7. Nf3 dxe5 8. dxe5 Bb4 9. Qxd8+ Kxd8 10. Bd2 Nc6 11. a3 Bxc3 12. Bxc3 Ke7 13. Nd4 Nxd4 14. Bxd4 Rhd8 15. 0-0-0 Rd7 16. Bc5+ Ke8 17. Be2 Rad8 18. Rxd7 Rxd7 19. Rd1 Be4 20. Rxd7 Kxd7 21. g3 Kc6 22. b4 Nd7 23. Bd4 a6 24. a4 Nf8 25. Kd2 Ng6 26. Ke3 Bh1 27. Bf3+ Bxf3 28. Kxf3 Ne7 29. g4 b5 30. axb5+ axb5 31. cxb5+ Kxb5 32. Bc5 Nc6 33. Ke4 Nxb4 34. Bf8 g6 35. h4 c5 36. Bxc5 Kxc5 37. Ke3 Nd5+ 38. Kf3 Kd4 0-1

[Event "IECC CL0-2018.00 email"]
[Site "IECC email"]
[Date "2018.04.14"]
[Round "?"]
[White "Chura, Michal"]
[Black "Rojas, Fernando"]
[Result "0-1"]
[WhiteElo "1283"]
[BlackElo "1066"]
[PlyCount "62"]
[EventDate "2018.03.14"]
[EventType "tourn (corr)"]
[EventRounds "4"]
[SourceTitle "Corr 2022"]
[Source "ChessBase"]
[SourceDate "2021.10.24"]
[SourceVersion "1"]
[SourceVersionDate "2021.10.24"]
[SourceQuality "1"]

1. f4 d5 2. Nf3 Nf6 3. e3 e6 4. b3 Be7 5. Bb2 0-0 6. Be2 c5 7. 0-0 b6 8. Ne5 Bb7 9. d3 Nbd7 10. Rf3 d4 11. e4 Nxe5 12. fxe5 Nd7 13. Nd2 Nxe5 14. Rh3 f5 15. Nf3 Ng4 16. Bc1 h6 17. Rg3 Qc7 18. exf5 exf5 19. Nd2 Ne3 20. Rxe3 dxe3 21. Nf3 Bf6 22. Rb1 Rae8 23. c4 g5 24. Ne1 f4 25. Bh5 Re7 26. Qg4 Bc8 27. Qf3 e2 28. Bd2 Bb7 29. Qh3 Qd8 30. Bg6 Qd4+ 31. Kh1 Qf2 0-1

[Event "IECC CL0-2018.00 email"]
[Site "IECC email"]
[Date "2018.04.14"]
[Round "?"]
[White "Molina, Vicente Andres"]
[Black "Rojas, Fernando"]
[Result "0-1"]
[WhiteElo "689"]
[BlackElo "1066"]
[PlyCount "72"]
[EventDate "2018.03.14"]
[EventType "tourn (corr)"]
[EventRounds "4"]
[SourceTitle "Corr 2022"]
[Source "ChessBase"]
[SourceDate "2021.10.24"]
[SourceVersion "1"]
[SourceVersionDate "2021.10.24"]
[SourceQuality "1"]

1. e4 e5 2. Nf3 Nc6 3. Bb5 a6 4. Ba4 Nf6 5. d3 b5 6. Bb3 Be7 7. c3 0-0 8. Bg5 d6 9. 0-0 Na5 10. Bc2 c5 11. Nbd2 h6 12. Bh4 Nc6 13. Qe2 Bg4 14. h3 Bh5 15. g4 Bg6 16. Rad1 h5 17. Nh2 hxg4 18. hxg4 Qd7 19. f4 exf4 20. Rxf4 Ne5 21. g5 Nh5 22. Rf2 Qh3 23. Ndf3 Nxf3+ 24. Nxf3 Qg4+ 25. Rg2 Qe6 26. d4 Nf4 27. Qf2 Nxg2 28. Qxg2 Bxe4 29. Bxe4 Qxe4 30. dxc5 dxc5 31. Re1 Qb7 32. Qh3 Rfe8 33. Ne5 Bd6 34. g6 fxg6 35. Nxg6 Rxe1+ 36. Bxe1 Qe4 0-1

[Event "IECC CL0-2018.00 email"]
[Site "IECC email"]
[Date "2018.04.14"]
[Round "?"]
[White "Rojas, Fernando"]
[Black "Nesbit, Andres"]
[Result "1-0"]
[WhiteElo "1066"]
[BlackElo "1463"]
[PlyCount "41"]
[EventDate "2018.03.14"]
[EventType "tourn (corr)"]
[EventRounds "4"]
[SourceTitle "Corr 2022"]
[Source "ChessBase"]
[SourceDate "2021.10.24"]
[SourceVersion "1"]
[SourceVersionDate "2021.10.24"]
[SourceQuality "1"]

1. e4 e5 2. Nf3 Nc6 3. Bb5 a6 4. Ba4 d6 5. c3 f5 6. exf5 Bxf5 7. 0-0 Bd3 8. Re1 Be7 9. Bc2 Bxc2 10. Qxc2 Nf6 11. Qb3 Qd7 12. Qxb7 0-0 13. Qb3+ d5 14. d3 Rae8 15. Bg5 Nh5 16. Bxe7 Rxe7 17. Nbd2 Nf4 18. Re3 Qg4 19. g3 Nh3+ 20. Kf1 Qd7 21. Rae1 1-0

[Event "RN-2018-0-01417"]
[Site "LSS email"]
[Date "2018.03.18"]
[Round "?"]
[White "Molina, Vicente Andres"]
[Black "Rojas, Fernando"]
[Result "0-1"]
[WhiteElo "682"]
[BlackElo "1066"]
[PlyCount "64"]
[EventDate "2018.03.09"]
[EventType "tourn (corr)"]
[EventRounds "6"]
[EventCountry "GER"]
[SourceTitle "Corr 2022"]
[Source "ChessBase"]
[SourceDate "2021.10.24"]
[SourceVersion "1"]
[SourceVersionDate "2021.10.24"]
[SourceQuality "1"]

1. d4 Nf6 2. c4 e6 3. Nc3 Bb4 4. f3 d5 5. Bg5 c5 6. cxd5 exd5 7. e3 0-0 8. Bd3 cxd4 9. exd4 Nc6 10. Nge2 Re8 11. 0-0 Be6 12. Nf4 h6 13. Nxe6 Rxe6 14. Bh4 Nxd4 15. Rc1 a6 16. Bf2 Nc6 17. a3 Bd6 18. Bf5 Re7 19. Re1 Bf4 20. Rc2 d4 21. Ne4 Nd5 22. g3 Be3 23. Nc5 Bxf2+ 24. Kxf2 Ne3 25. Rxe3 dxe3+ 26. Ke2 Qxd1+ 27. Kxd1 Rd8+ 28. Ke1 Nd4 29. Rc4 Nxf5 30. Ke2 Nd4+ 31. Ke1 Nxf3+ 32. Ke2 Ng1+ 0-1

[Event "RN-2018-0-01417"]
[Site "LSS email"]
[Date "2018.03.18"]
[Round "?"]
[White "Rojas, Fernando"]
[Black "Kuttner, Jaromir"]
[Result "1-0"]
[WhiteElo "1066"]
[BlackElo "863"]
[PlyCount "67"]
[EventDate "2018.03.09"]
[EventType "tourn (corr)"]
[EventRounds "6"]
[EventCountry "GER"]
[SourceTitle "Corr 2022"]
[Source "ChessBase"]
[SourceDate "2021.10.24"]
[SourceVersion "1"]
[SourceVersionDate "2021.10.24"]
[SourceQuality "1"]

1. e4 d5 2. exd5 Qxd5 3. Nc3 Qa5 4. d4 c6 5. Nf3 Nf6 6. Bf4 Bg4 7. Bd3 e6 8. 0-0 Nbd7 9. a3 Be7 10. b4 Qh5 11. Be2 Qg6 12. h3 Nh5 13. Bd3 f5 14. hxg4 Nxf4 15. Ne2 Nxd3 16. gxf5 Qxf5 17. cxd3 Bd6 18. Nc3 Nf6 19. Re1 0-0 20. Ne4 Nxe4 21. dxe4 Qh5 22. e5 Be7 23. Qb3 Qg4 24. Re3 Rad8 25. Rd1 Rd5 26. Nh2 Qh4 27. Rf3 Rfd8 28. Nf1 Bg5 29. Ne3 Bxe3 30. fxe3 Qg4 31. Rdf1 h5 32. Qc2 h4 33. Qf2 Qg5 34. Rh3 1-0

[Event "RN-2018-0-01417"]
[Site "LSS email"]
[Date "2018.03.18"]
[Round "?"]
[White "Vontina, Maria"]
[Black "Rojas, Fernando"]
[Result "0-1"]
[WhiteElo "859"]
[BlackElo "1066"]
[PlyCount "88"]
[EventDate "2018.03.09"]
[EventType "tourn (corr)"]
[EventRounds "6"]
[EventCountry "GER"]
[SourceTitle "Corr 2022"]
[Source "ChessBase"]
[SourceDate "2021.10.24"]
[SourceVersion "1"]
[SourceVersionDate "2021.10.24"]
[SourceQuality "1"]

1. e4 e5 2. Nf3 Nc6 3. Bb5 Nf6 4. 0-0 d6 5. d4 exd4 6. Nxd4 Bd7 7. Bg5 Be7 8. f3 Nxd4 9. Bxd7+ Nxd7 10. Bxe7 Nxf3+ 11. Qxf3 Qxe7 12. Nc3 0-0 13. Nd5 Qe5 14. c3 c6 15. Nf4 Nf6 16. Rfe1 Rae8 17. Nd3 Qg5 18. Nf2 Re6 19. Re2 Nd7 20. Rae1 Rfe8 21. Qg4 Qe7 22. Kf1 Ne5 23. Qg3 Rg6 24. Qf4 Rf6 25. Qg3 Qe6 26. b3 Rg6 27. Qe3 b6 28. Nd3 Rf6+ 29. Kg1 Ng4 30. Qg3 Ne5 31. Nxe5 Qxe5 32. Qxe5 Rxe5 33. c4 Rfe6 34. Kf2 Kf8 35. h3 Rf6+ 36. Kg1 Ke7 37. Rf2 Rfe6 38. Rfe2 f5 39. Kf2 Rxe4 40. Rxe4 fxe4 41. Ke3 d5 42. a4 a5 43. Kd4 Kd6 44. cxd5 cxd5 0-1

[Event "LSS No Engine Cup 177 Preliminary 0"]
[Site "LSS email"]
[Date "2018.02.10"]
[Round "?"]
[White "Neumann, Otto"]
[Black "Rojas, Fernando"]
[Result "0-1"]
[WhiteElo "1119"]
[BlackElo "1588"]
[PlyCount "32"]
[EventDate "2018.02.11"]
[EventType "tourn (corr)"]
[EventRounds "6"]
[EventCountry "GER"]
[SourceTitle "Corr 2022"]
[Source "ChessBase"]
[SourceDate "2021.10.24"]
[SourceVersion "1"]
[SourceVersionDate "2021.10.24"]
[SourceQuality "1"]

1. d4 Nf6 2. c4 e6 3. Nc3 d5 4. Bg5 Be7 5. Nf3 h6 6. Bf4 0-0 7. cxd5 Nxd5 8. Bg3 c5 9. e3 cxd4 10. Nxd4 Bb4 11. Qc2 Qa5 12. Nde2 Bd7 13. a3 Bb5 14. Kd1 Rc8 15. Rb1 Bxc3 16. Nxc3 Ba4 0-1

[Event "LSS No Engine Cup 177 Preliminary 0"]
[Site "LSS email"]
[Date "2018.02.10"]
[Round "?"]
[White "Rojas, Fernando"]
[Black "Csoma, Robert"]
[Result "1-0"]
[WhiteElo "1588"]
[BlackElo "1600"]
[PlyCount "53"]
[EventDate "2018.02.11"]
[EventType "tourn (corr)"]
[EventRounds "6"]
[EventCountry "GER"]
[SourceTitle "Corr 2022"]
[Source "ChessBase"]
[SourceDate "2021.10.24"]
[SourceVersion "1"]
[SourceVersionDate "2021.10.24"]
[SourceQuality "1"]

1. e4 d6 2. d4 Nf6 3. Nc3 g6 4. Be3 Bg7 5. Nf3 0-0 6. Be2 b6 7. 0-0 Bb7 8. Qd3 Nbd7 9. Rad1 e6 10. Rfe1 Qe7 11. Bf1 c5 12. d5 e5 13. a4 Rac8 14. a5 bxa5 15. Qb5 Nb6 16. Qxa5 Ra8 17. b4 cxb4 18. Qxb4 Rfc8 19. Nb5 Rxc2 20. Qxd6 Qxd6 21. Nxd6 Bc8 22. Ra1 Bf8 23. Nxf7 Kxf7 24. Nxe5+ Kg7 25. Bxb6 Bb7 26. Bd3 Rcc8 27. Rxa7 1-0

[Event "LSS No Engine Cup 177 Preliminary 0"]
[Site "LSS email"]
[Date "2018.02.10"]
[Round "?"]
[White "Rojas, Fernando"]
[Black "Kelemen, Gyoergy"]
[Result "0-1"]
[WhiteElo "1588"]
[BlackElo "2125"]
[PlyCount "94"]
[EventDate "2018.02.11"]
[EventType "tourn (corr)"]
[EventRounds "6"]
[EventCountry "GER"]
[SourceTitle "Corr 2022"]
[Source "ChessBase"]
[SourceDate "2021.10.24"]
[SourceVersion "1"]
[SourceVersionDate "2021.10.24"]
[SourceQuality "1"]

1. e4 e5 2. Nf3 Nc6 3. Bb5 a6 4. Ba4 Nf6 5. d3 b5 6. Bb3 Bc5 7. Nc3 d6 8. Nd5 h6 9. 0-0 Na5 10. Be3 Nxb3 11. Nxf6+ Qxf6 12. axb3 Bg4 13. c3 0-0 14. b4 Bxe3 15. fxe3 Qe7 16. h3 Bh5 17. b3 c5 18. bxc5 dxc5 19. Qc2 Rfd8 20. g4 Bg6 21. Ra5 Rd6 22. Rd1 Rad8 23. Rd2 Qf6 24. Kg2 R8d7 25. d4 exd4 26. exd4 h5 27. Rf2 hxg4 28. hxg4 cxd4 29. cxd4 Qf4 30. g5 Bxe4 31. Qd2 Bxf3+ 32. Kf1 Qxd2 33. Rxd2 Bb7 34. Ke2 Rxd4 35. Rxd4 Rxd4 36. Ra1 Rg4 37. Rd1 Rxg5 38. Rd8+ Kh7 39. Rd4 a5 40. Kf2 Bd5 41. Rxd5 Rxd5 42. Ke3 a4 43. bxa4 bxa4 44. Ke4 Rd8 45. Ke3 a3 46. Ke4 a2 47. Ke3 a1Q 0-1

[Event "RN-2018-0-01394"]
[Site "LSS email"]
[Date "2018.01.22"]
[Round "?"]
[White "Rojas, Fernando"]
[Black "Neuhausen, Rainer"]
[Result "1-0"]
[WhiteElo "1028"]
[BlackElo "897"]
[PlyCount "31"]
[EventDate "2018.01.11"]
[EventType "tourn (corr)"]
[EventRounds "6"]
[EventCountry "GER"]
[SourceTitle "Corr 2022"]
[Source "ChessBase"]
[SourceDate "2021.10.24"]
[SourceVersion "1"]
[SourceVersionDate "2021.10.24"]
[SourceQuality "1"]

1. e4 e5 2. Nf3 Nc6 3. Bb5 Bc5 4. c3 d6 5. d4 exd4 6. cxd4 Bb4+ 7. Kf1 Bd7 8. Qa4 Nge7 9. d5 a6 10. dxc6 axb5 11. cxd7+ Kxd7 12. Qxb4 c6 13. Bf4 Qc7 14. Nc3 Ng6 15. Bg3 Rhe8 16. Rd1 1-0

[Event "OP-2017-0-04484"]
[Site "LSS email"]
[Date "2017.11.30"]
[Round "?"]
[White "Peraza Balleste, Orlando"]
[Black "Rojas, Fernando"]
[Result "1-0"]
[WhiteElo "1702"]
[BlackElo "979"]
[PlyCount "105"]
[EventDate "2017.11.25"]
[EventType "tourn (corr)"]
[EventRounds "4"]
[EventCountry "GER"]
[SourceTitle "Corr 2022"]
[Source "ChessBase"]
[SourceDate "2021.10.24"]
[SourceVersion "1"]
[SourceVersionDate "2021.10.24"]
[SourceQuality "1"]

1. e4 e5 2. Nf3 Nc6 3. Bb5 a6 4. Ba4 Nf6 5. 0-0 b5 6. Bb3 Be7 7. d4 d6 8. dxe5 dxe5 9. Qxd8+ Bxd8 10. a4 Bb7 11. axb5 axb5 12. Rxa8 Bxa8 13. Na3 Na5 14. Ba2 b4 15. Nc4 Nxc4 16. Bxc4 Bxe4 17. Re1 0-0 18. Nxe5 Bxc2 19. Bd2 c5 20. Be3 Be7 21. Ra1 Bg6 22. Nxg6 hxg6 23. Ra7 Bd6 24. f3 Be5 25. b3 Bd4 26. Bxd4 cxd4 27. Kf2 g5 28. Ke2 Ne8 29. Rb7 Nd6 30. Rxb4 Re8+ 31. Kd2 Kf8 32. Bd3 Ra8 33. Rxd4 Ra2+ 34. Kc1 Ke7 35. Bc2 f5 36. Ra4 Rxa4 37. bxa4 g6 38. Kd2 Ke6 39. Bb3+ Ke5 40. Kc3 Kf4 41. a5 g4 42. fxg4 Kxg4 43. Kb4 g5 44. a6 Nc8 45. Kc5 Kf4 46. Be6 Na7 47. Kb6 Ke5 48. Bxf5 Kxf5 49. Kxa7 Ke4 50. Kb6 Ke3 51. a7 Kf2 52. a8Q g4 53. Kc5 1-0

[Event "OP-2017-0-04484"]
[Site "LSS email"]
[Date "2017.11.30"]
[Round "?"]
[White "Rojas, Fernando"]
[Black "Buecker, Juergen"]
[Result "0-1"]
[WhiteElo "979"]
[BlackElo "2451"]
[PlyCount "122"]
[EventDate "2017.11.25"]
[EventType "tourn (corr)"]
[EventRounds "4"]
[EventCountry "GER"]
[SourceTitle "Corr 2022"]
[Source "ChessBase"]
[SourceDate "2021.10.24"]
[SourceVersion "1"]
[SourceVersionDate "2021.10.24"]
[SourceQuality "1"]

1. e4 c5 2. c3 Nf6 3. e5 Nd5 4. d4 cxd4 5. cxd4 d6 6. Nf3 Nc6 7. Bc4 Nb6 8. Bb3 dxe5 9. dxe5 Qxd1+ 10. Bxd1 g6 11. 0-0 Bg7 12. Re1 Nb4 13. Bb3 Nd3 14. Rd1 Bf5 15. Nc3 0-0 16. a4 e6 17. a5 Nd7 18. Bc2 N7xe5 19. Nxe5 Nxe5 20. Bxf5 gxf5 21. a6 bxa6 22. Rxa6 Rfb8 23. g3 Rb7 24. Na4 h5 25. Be3 Rc8 26. Bc5 Kh7 27. Kg2 Kg6 28. h3 Rc6 29. Rd6 Rcc7 30. b4 h4 31. gxh4 Bf6 32. Nc3 Be7 33. Rxe6+ fxe6 34. Rxe6+ Bf6 35. Nd5 Rc6 36. Bd6 Nd7 37. Ne7+ Kf7 38. Rxf6+ Nxf6 39. Nxc6 Rb6 40. b5 a6 41. Bb4 Nd5 42. Ne5+ Kg8 43. Bd2 axb5 44. Kf3 b4 45. Bc1 Rb8 46. Nd3 b3 47. Bb2 Rc8 48. Ne1 Kh7 49. Ke2 Nf4+ 50. Kd2 Rd8+ 51. Kc3 Rd1 52. Kxb3 Rxe1 53. Bc3 Re4 54. f3 Re3 55. Kc2 Rxc3+ 56. Kxc3 Nxh3 57. Kd3 Kg6 58. Ke3 f4+ 59. Ke2 Kh5 60. Kd3 Kxh4 61. Ke4 Kg3 0-1

[Event "OP-2017-0-04484"]
[Site "LSS email"]
[Date "2017.11.30"]
[Round "?"]
[White "Trott, Liam Roy"]
[Black "Rojas, Fernando"]
[Result "1-0"]
[WhiteElo "1600"]
[BlackElo "979"]
[PlyCount "113"]
[EventDate "2017.11.25"]
[EventType "tourn (corr)"]
[EventRounds "4"]
[EventCountry "GER"]
[SourceTitle "Corr 2022"]
[Source "ChessBase"]
[SourceDate "2021.10.24"]
[SourceVersion "1"]
[SourceVersionDate "2021.10.24"]
[SourceQuality "1"]

1. e4 e5 2. Nf3 Nc6 3. Bc4 Nf6 4. Ng5 d5 5. exd5 Na5 6. Bb5+ c6 7. dxc6 bxc6 8. Bd3 Ng4 9. Ne4 f5 10. Be2 h5 11. h3 fxe4 12. hxg4 Bc5 13. b4 Bxb4 14. Nc3 Qd4 15. gxh5 Bf5 16. 0-0 Bc5 17. Qe1 0-0 18. Rb1 Nc4 19. Nd1 Rad8 20. c3 Qd5 21. Ne3 Nxe3 22. fxe3 Qxa2 23. Rb2 Qe6 24. Rb7 Rd7 25. Rxd7 Qxd7 26. Qg3 Bd6 27. c4 c5 28. Bb2 Qe6 29. Ra1 Qe7 30. Bd1 Rf6 31. Qh4 Qf7 32. Be2 Qb7 33. Bc3 Qf7 34. Rf1 Qe7 35. Bg4 Bh7 36. Qh3 Rxf1+ 37. Kxf1 Kf8 38. Be6 Qf6+ 39. Ke1 Ke7 40. Bd5 Bf5 41. g4 Be6 42. Ke2 Bxd5 43. cxd5 Qg5 44. Qg2 g6 45. Qxe4 gxh5 46. Qh7+ Kf6 47. Qxh5 Qxh5 48. gxh5 Kg5 49. Kd3 Kxh5 50. Kc4 Kg5 51. Kb5 Kf5 52. Kc6 Be7 53. Ba5 e4 54. d6 Bh4 55. Kd5 c4 56. d7 c3 57. dxc3 1-0

[Event "ZN-2017-0-03675"]
[Site "LSS email"]
[Date "2017.11.11"]
[Round "?"]
[White "Tobey, Al"]
[Black "Rojas, Fernando"]
[Result "0-1"]
[WhiteElo "696"]
[BlackElo "979"]
[PlyCount "98"]
[EventDate "2017.11.05"]
[EventType "match (corr)"]
[EventRounds "2"]
[EventCountry "GER"]
[SourceTitle "Corr 2022"]
[Source "ChessBase"]
[SourceDate "2021.10.24"]
[SourceVersion "1"]
[SourceVersionDate "2021.10.24"]
[SourceQuality "1"]

1. e4 e5 2. Nf3 Nc6 3. Be2 Nf6 4. d3 d5 5. 0-0 dxe4 6. dxe4 Qxd1 7. Bxd1 Nxe4 8. Be2 Bd6 9. Bd3 Nc5 10. Be2 0-0 11. c3 Ne6 12. Nbd2 Nf4 13. Bb5 Bd7 14. Ne4 a6 15. Nxd6 cxd6 16. Ba4 Ne2+ 17. Kh1 Nxc1 18. Raxc1 Be6 19. Ng5 Bxa2 20. Ne4 b5 21. Bc2 Bc4 22. Rfe1 Rad8 23. b3 Be6 24. Ng5 h6 25. Nxe6 fxe6 26. Be4 d5 27. Bg6 e4 28. Bh5 Rxf2 29. g3 Ne5 30. Kg1 Rf5 31. Be2 Nf3+ 32. Bxf3 Rxf3 33. Kg2 Rc8 34. Ra1 Rcxc3 35. Rxa6 Kf7 36. Ra7+ Kf6 37. Rb1 Rxb3 38. Raa1 d4 39. Rc1 Rb2+ 40. Kh3 d3 41. Rab1 d2 42. Rd1 Rxb1 43. Rxd2 b4 44. Kg4 g6 45. Rd4 Ke5 46. Rd2 b3 47. Re2 b2 48. Rc2 Rf5 49. Rc5+ Kd4 0-1